Sociálně ekonomické aspekty rozvoje odvětví kultury 1. výstup úkolu

Gespeichert in:
Bibliographische Detailangaben
1. Verfasser: Lutka, Petr
Weitere Verfasser: Pytlová, Helena, Sovová, Dana
Format: Buch
Sprache:Tschechisch
Veröffentlicht: Praha Ústav pro výzkum kultury 1981
Tags: Tag hinzufügen
Keine Tags, Fügen Sie das erste Tag hinzu!

MARC

LEADER 00000nam a2200000 4500
001 c129600
005 20041019155246.8
041 0 |a cze 
044 |a CZ 
245 1 0 |a Sociálně ekonomické aspekty rozvoje odvětví kultury  |b 1. výstup úkolu  |c Petr Lutka, Helena Pytlová, Dana Sovová 
264 1 |a Praha  |b Ústav pro výzkum kultury  |c 1981 
300 |a 41 s. 
100 1 |a Lutka, Petr 
700 1 |a Pytlová, Helena 
700 1 |a Sovová, Dana